000 00580nam a2200181 i 4500
001 91312
003 ES-MaACL
005 20230906180706.0
007 t|
008 050128s1976 sp ||||1| spa d
100 1 _aLeuzinger, Elsy.
_971907
245 1 0 _aArte de Africa negra /
_c[Elsy Leuzinger ; traducido por María-Lluisa Borráas].
260 _aBarcelona :
_bPolígrafa,
_c[1976]
300 _a102 p., 244 lám. ;
_c21 cm.
500 _aTexto en español, inglés, francés y alemán.
700 1 _aBorràs, Maria Lluïsa.
_9146592
852 _aES-MaACL
_jA-6323
_bR.95221
999 _c91312
_d91312